Consulta sobre si una joven puede casarse con el hijo de un hombre conoció carnalmente

Detalles Bibliográficos
Otros Autores: Paulo Maldonado
Formato: Libro
Publicado: s.l., s.f.
Materias:
Colección:Banco de datos
Acervo:Biblioteca Palafoxiana. Colección de Manuscritos
Descripción Física:1 f. ; 21 x 30 cm.
Tema general:Eclesiástica
LEADER 00426nam a22001450004500
035 |a 1478 
245 1 0 |a Consulta sobre si una joven puede casarse con el hijo de un hombre conoció carnalmente 
260 |a s.l., s.f. 
300 |a 1 f. ; 21 x 30 cm.  
650 1 0 |a Eclesiástica 
700 1 |a Paulo Maldonado 
949 |a 32280/233 
942 |c PALAMANU 
943 |g Biblioteca Palafoxiana. Colección de Manuscritos 
999 |c 1069423  |d 1069423